000 00280nam a22001337a 4500
008 180920b xxu||||| |||| 00| 0 eng d
020 _a9780471381587
041 _aeng
080 _27th
_a510
100 _a36
101 _aMAT
245 _aCalculus
_cAnton,H
942 _2udc
_cBK
999 _c48109
_d48109